000 00197 a2200109 4500
020 _a8475550223
041 _aspa
100 _aMercer Mayer
245 _aYo y mi Papa
942 _cBK
952 _71
999 _c23178
_d23178